[Event "Landesliga Sued 1415"]
[Site "Bayern"]
[Date "2014.10.19"]
[Round "1.5"]
[White "Bergauz, Avigdor"]
[Black "Eitel, Harald"]
[Result "1-0"]
[WhiteElo "2154"]
[BlackElo "2138"]
[PlyCount "61"]
[EventDate "2014.10.19"]
[EventType "team-tourn"]
[EventRounds "9"]
[EventCountry "GER"]
[SourceTitle "EXT 2018"]
[Source "ChessBase"]
[SourceDate "2017.10.13"]
[SourceVersion "1"]
[SourceVersionDate "2017.10.13"]
[SourceQuality "1"]
[WhiteTeam "Muenchen Suedost"]
[BlackTeam "Ingolstadt"]
[WhiteTeamCountry "GER"]
[BlackTeamCountry "GER"]

1. c4 g6 2. g3 Bg7 3. Bg2 e5 4. Nc3 c6 5. e4 Ne7 6. Nge2 d6 7. d4 0-0 8. 0-0 Nd7 9. Be3 f5 10. f3 fxe4 11. fxe4 Rxf1+ 12. Kxf1 exd4 13. Bxd4 Ne5 14. b3 g5 15. Qd2 N7g6 16. Be3 Ng4 17. Bd4 N6e5 18. Kg1 Be6 19. Rd1 Qe7 20. h3 Nh6 21. Be3 Nhf7 22. Nd4 Qd7 23. Nxe6 Qxe6 24. Ne2 g4 25. Nd4 Qg6 26. Nf5 Re8 27. hxg4 Nxg4 28. Bf4 Qh5 29. Bf3 Nfe5 30. Bxe5 Rxe5 31. Qe2 1-0

[Event "Landesliga Sued 1213"]
[Site "Bayern"]
[Date "2013.04.14"]
[Round "9.1"]
[White "Eitel, Harald"]
[Black "Schmidt, Georg"]
[Result "0-1"]
[WhiteElo "2137"]
[BlackElo "2284"]
[PlyCount "144"]
[EventDate "2012.10.14"]
[EventType "team-tourn"]
[EventRounds "9"]
[EventCountry "GER"]
[SourceTitle "EXT 2015"]
[Source "ChessBase"]
[SourceDate "2014.11.20"]
[SourceVersion "1"]
[SourceVersionDate "2014.11.20"]
[SourceQuality "1"]
[WhiteTeam "Ingolstadt"]
[BlackTeam "Unterhaching"]
[WhiteTeamCountry "GER"]
[BlackTeamCountry "GER"]

1. d4 Nf6 2. g3 b5 3. Bg2 d5 4. c3 Nbd7 5. a4 c6 6. Nf3 e6 7. axb5 cxb5 8. Bf4 Bb7 9. Nbd2 Be7 10. 0-0 0-0 11. Ne5 Nxe5 12. Bxe5 Qb6 13. Bxf6 Bxf6 14. e4 dxe4 15. Nxe4 Be7 16. b4 a5 17. bxa5 Rxa5 18. Rxa5 Qxa5 19. Qa1 Qb6 20. c4 Bxe4 21. Bxe4 bxc4 22. Rc1 Rc8 23. Bd3 Bf6 24. Rxc4 Rd8 25. Qb1 Qxb1+ 26. Bxb1 Bxd4 27. Be4 g6 28. Rc2 Kg7 29. Kg2 Rb8 30. Rd2 Rb4 31. Bc6 f5 32. Ra2 Rb6 33. Rc2 Kf6 34. Bd7 Rd6 35. Bb5 Rb6 36. Bd7 Ke7 37. Bc6 Kd6 38. Be8 e5 39. Bf7 e4 40. Bg8 h6 41. Rd2 Ke5 42. f4+ exf3+ 43. Kxf3 Rb1 44. Bh7 g5 45. Bxf5 Rf1+ 46. Kg4 Rxf5 47. h4 gxh4 48. Kxh4 Be3 49. Ra2 Ke4 50. g4 Rf3 51. Ra4+ Ke5 52. Kh5 Kf6 53. Ra6+ Kg7 54. g5 hxg5 55. Ra3 Rg3 56. Ra6 Rh3+ 57. Kg4 Rh4+ 58. Kg3 Bf4+ 59. Kf3 Be5 60. Re6 Bf6 61. Kg3 Kg6 62. Ra6 Kf5 63. Ra5+ Be5+ 64. Kf3 Rh3+ 65. Kg2 Rh2+ 66. Kg1 Rb2 67. Rc5 Kf4 68. Ra5 g4 69. Ra4+ Kg3 70. Ra3+ Kh4 71. Ra4 Kh3 72. Re4 g3 0-1

[Event "Munich OIS op 32nd"]
[Site "Munich"]
[Date "2012.10.01"]
[Round "3"]
[White "Eitel, Harald"]
[Black "Shirazi, Kamran"]
[Result "0-1"]
[WhiteElo "2253"]
[BlackElo "2405"]
[PlyCount "76"]
[EventDate "2012.09.29"]
[EventType "swiss"]
[EventRounds "9"]
[EventCountry "GER"]
[SourceTitle "EXT 2013"]
[Source "ChessBase"]
[SourceDate "2012.11.22"]
[SourceVersion "1"]
[SourceVersionDate "2012.11.22"]
[SourceQuality "1"]

1. d4 Nf6 2. Nf3 g6 3. Bf4 c5 4. c3 b6 5. e3 Bb7 6. Be2 Bg7 7. 0-0 0-0 8. a4 d6 9. h3 h6 10. Nbd2 Nc6 11. Bh2 Rc8 12. Qb1 e5 13. dxe5 Nxe5 14. Nxe5 dxe5 15. Rd1 Qe7 16. a5 b5 17. Bxb5 Bxg2 18. Kxg2 Qb7+ 19. Nf3 Qxb5 20. Bxe5 Rfe8 21. Qd3 Qb3 22. c4 Qb7 23. a6 Qb6 24. Qc2 Re6 25. Qa4 Ne4 26. Bxg7 Kxg7 27. Rd7 Qxb2 28. Ra2 Qf6 29. Qc2 Rd8 30. Rxd8 Qxd8 31. Qb2+ Kh7 32. Qb7 Re7 33. Qd5 Qc8 34. Ra5 Kg7 35. Ne5 Qf5 36. Nf3 Qf6 37. Ra3 Re6 38. Ra5 Qb2 0-1

[Event "Landesliga Sued 1112"]
[Site "Bayern"]
[Date "2012.02.26"]
[Round "7.1"]
[White "Zill, Christoph"]
[Black "Eitel, Harald"]
[Result "1/2-1/2"]
[WhiteElo "2172"]
[BlackElo "2214"]
[PlyCount "37"]
[EventDate "2011.10.02"]
[EventType "team-tourn"]
[EventRounds "9"]
[EventCountry "GER"]
[SourceTitle "EXT 2015"]
[Source "ChessBase"]
[SourceDate "2014.11.20"]
[SourceVersion "1"]
[SourceVersionDate "2014.11.20"]
[SourceQuality "1"]
[WhiteTeam "Freising"]
[BlackTeam "Ingolstadt"]
[WhiteTeamCountry "GER"]
[BlackTeamCountry "GER"]

1. e4 e5 2. f4 d5 3. exd5 exf4 4. Nf3 Nf6 5. Bc4 Nxd5 6. Qe2+ Be7 7. Bxd5 Qxd5 8. d4 Be6 9. Bxf4 Nc6 10. Nc3 Qf5 11. Bxc7 0-0 12. 0-0 Rac8 13. Bg3 Rfd8 14. Ne4 Qd5 15. c3 Re8 16. Ned2 b5 17. Ne5 b4 18. Nxc6 Rxc6 19. Qe3 1/2-1/2

[Event "Landesliga Sued 1112"]
[Site "Bayern"]
[Date "2012.01.15"]
[Round "5.1"]
[White "Kempter, Ronald"]
[Black "Eitel, Harald"]
[Result "1-0"]
[WhiteElo "2216"]
[BlackElo "2214"]
[PlyCount "71"]
[EventDate "2011.10.02"]
[EventType "team-tourn"]
[EventRounds "9"]
[EventCountry "GER"]
[SourceTitle "EXT 2013"]
[Source "ChessBase"]
[SourceDate "2012.11.22"]
[SourceVersion "1"]
[SourceVersionDate "2012.11.22"]
[SourceQuality "1"]
[WhiteTeam "Krumbach"]
[BlackTeam "Ingolstadt"]
[WhiteTeamCountry "GER"]
[BlackTeamCountry "GER"]

1. Nf3 Nf6 2. g3 g6 3. Bg2 Bg7 4. 0-0 0-0 5. c4 d6 6. d4 c6 7. Nc3 Qa5 8. e4 e5 9. h3 b5 10. dxe5 dxe5 11. cxb5 cxb5 12. Nxe5 Bb7 13. Ng4 Nxg4 14. Qxg4 Nc6 15. Nd5 Nd4 16. Bg5 f6 17. Bf4 f5 18. exf5 Nxf5 19. Ne7+ Nxe7 20. Qe6+ Kh8 21. Qxe7 Bxg2 22. Be5 Rg8 23. Kxg2 Qd8 24. Bxg7+ Rxg7 25. Qe5 Qc7 26. Qxc7 Rxc7 27. Rac1 Rac8 28. Rxc7 Rxc7 29. Rd1 Rc2 30. Rd8+ Kg7 31. Rd7+ Kh6 32. Rxa7 Rxb2 33. h4 b4 34. g4 b3 35. g5+ Kh5 36. Kg3 1-0

[Event "Landesliga Sued 1011"]
[Site "Bayern"]
[Date "2011.01.16"]
[Round "5.1"]
[White "Eitel, Harald"]
[Black "Grimberg, Boris"]
[Result "1-0"]
[WhiteElo "2200"]
[BlackElo "2338"]
[PlyCount "45"]
[EventDate "2010.10.10"]
[EventType "team-tourn"]
[EventRounds "9"]
[EventCountry "GER"]
[SourceTitle "EXT 2012"]
[Source "ChessBase"]
[SourceDate "2011.11.24"]
[SourceVersion "1"]
[SourceVersionDate "2011.11.24"]
[SourceQuality "1"]
[WhiteTeam "Ingolstadt"]
[BlackTeam "Haunstetten"]
[WhiteTeamCountry "GER"]
[BlackTeamCountry "GER"]

1. Nf3 Nf6 2. d4 c5 3. c4 e6 4. g3 d5 5. Bg2 Nc6 6. 0-0 dxc4 7. Qa4 Bd7 8. dxc5 Na5 9. Qc2 Rc8 10. Bg5 h6 11. Bxf6 gxf6 12. Nc3 Bxc5 13. Ne4 Be7 14. Rfd1 Qb6 15. Qc3 e5 16. Nxe5 fxe5 17. Qxe5 f6 18. Qh5+ Kd8 19. Bh3 Rc7 20. Qf5 Qc6 21. Qxa5 b6 22. Bxd7 Rxd7 23. Qxa7 1-0

[Event "Landesliga Sued 0910"]
[Site "Bayern"]
[Date "2010.03.21"]
[Round "8.1"]
[White "Eitel, Harald"]
[Black "Vuckovic, Aleksandar"]
[Result "1/2-1/2"]
[WhiteElo "2201"]
[BlackElo "2273"]
[PlyCount "42"]
[EventDate "2009.10.18"]
[EventType "team-tourn"]
[EventRounds "9"]
[EventCountry "GER"]
[SourceTitle "EXT 2011"]
[Source "ChessBase"]
[SourceDate "2010.11.26"]
[SourceVersion "1"]
[SourceVersionDate "2010.11.26"]
[SourceQuality "1"]
[WhiteTeam "Ingolstadt"]
[BlackTeam "Kriegshaber"]
[WhiteTeamCountry "GER"]
[BlackTeamCountry "GER"]

1. d4 Nf6 2. Nf3 e6 3. g3 b6 4. Bg2 Bb7 5. c4 Bb4+ 6. Bd2 Be7 7. Nc3 0-0 8. 0-0 d5 9. Ne5 c6 10. Bf4 Nbd7 11. e4 Nxe5 12. dxe5 Nxe4 13. Nxe4 dxe4 14. Qg4 Qc7 15. Bxe4 Rfd8 16. Rad1 c5 17. Bh6 Bf8 18. Bg5 Rxd1 19. Rxd1 Bxe4 20. Qxe4 Re8 21. h4 h6 1/2-1/2

[Event "Landesliga Sued 0910"]
[Site "Bayern"]
[Date "2010.01.24"]
[Round "5.1"]
[White "Eitel, Harald"]
[Black "Umansky, Mikhail"]
[Result "0-1"]
[WhiteElo "2201"]
[BlackElo "2376"]
[PlyCount "78"]
[EventDate "2009.10.18"]
[EventType "team-tourn"]
[EventRounds "9"]
[EventCountry "GER"]
[SourceTitle "EXT 2011"]
[Source "ChessBase"]
[SourceDate "2010.11.26"]
[SourceVersion "1"]
[SourceVersionDate "2010.11.26"]
[SourceQuality "1"]
[WhiteTeam "Ingolstadt"]
[BlackTeam "Haunstetten"]
[WhiteTeamCountry "GER"]
[BlackTeamCountry "GER"]

1. d4 Nf6 2. Nf3 c5 3. g3 cxd4 4. Nxd4 e5 5. Nb3 d5 6. Bg2 Be7 7. 0-0 0-0 8. Bg5 Be6 9. Nc3 Nbd7 10. Qd3 d4 11. Ne4 Nxe4 12. Bxe7 Qxe7 13. Bxe4 Nf6 14. Bg2 Rfd8 15. c3 e4 16. Qd2 dxc3 17. Qxc3 Rac8 18. Qe3 Rc2 19. Qxa7 Bxb3 20. axb3 Rxe2 21. Rad1 Rxd1 22. Rxd1 h5 23. Bh3 Rxb2 24. Qb6 Kh7 25. Re1 Rd2 26. Bc8 Qe5 27. Bxb7 Rd4 28. Bc8 g6 29. Bh3 Kg7 30. b4 h4 31. Bf1 Nd5 32. Qc5 Rd2 33. b5 f5 34. Qc1 Rb2 35. Qd1 Rb4 36. Qe2 Qd4 37. Rd1 Nc3 38. Rxd4 Nxe2+ 39. Bxe2 Rxd4 0-1

[Event "Munich OIS op"]
[Site "Munich"]
[Date "2008.10.18"]
[Round "8"]
[White "Pitschka, Claus"]
[Black "Eitel, Harald"]
[Result "1/2-1/2"]
[WhiteElo "2301"]
[BlackElo "2226"]
[PlyCount "109"]
[EventDate "2008.10.11"]
[EventType "swiss"]
[EventRounds "9"]
[EventCountry "GER"]
[SourceTitle "CBM 126 Extra"]
[Source "ChessBase"]
[SourceDate "2008.11.05"]
[SourceVersion "1"]
[SourceVersionDate "2008.11.05"]
[SourceQuality "1"]

1. e4 e5 2. Nf3 d6 3. d4 exd4 4. Nxd4 Nf6 5. Nc3 Be7 6. g3 d5 7. e5 Ng4 8. Bf4 g5 9. e6 h5 10. exf7+ Kf8 11. Bc1 Bc5 12. Be2 Nc6 13. Be3 Nxe3 14. fxe3 h4 15. g4 Rh6 16. Qd2 Nxd4 17. exd4 Bd6 18. 0-0 Bf4 19. Rxf4 gxf4 20. Qxf4 Qd6 21. Qg5 Rg6 22. Qxh4 Rh6 23. Qf2 Rf6 24. Qg2 Rxf7 25. Kh1 Be6 26. Bd3 Ke7 27. g5 Rf4 28. Re1 Kd7 29. Nb5 Qe7 30. Qg3 Raf8 31. g6 Qg7 32. Nxc7 Kxc7 33. Rf1 Qxd4 34. g7 R8f6 35. Re1 Bg8 36. c3 Qc5 37. Re8 Kb6 38. Rxg8 Rf1+ 39. Bxf1 Rxf1+ 40. Kg2 Rg1+ 41. Kf3 Rxg3+ 42. hxg3 Qe7 43. Kg2 Qe4+ 44. Kf2 Qc2+ 45. Ke3 Qg6 46. Kd2 Qxg3 47. Kc2 Qg6+ 48. Kb3 Qf7 49. Rd8 d4+ 50. Kc2 Qf5+ 51. Kb3 Qb5+ 52. Ka3 dxc3 53. g8Q Qxb2+ 54. Ka4 Qb5+ 55. Ka3 1/2-1/2

[Event "Landesliga Sued 0607"]
[Site "Bayern"]
[Date "2006.10.29"]
[Round "2.3"]
[White "Schreiner, Richard"]
[Black "Eitel, Harald"]
[Result "0-1"]
[WhiteElo "2184"]
[BlackElo "2181"]
[PlyCount "97"]
[EventDate "2006.10.15"]
[EventType "team-tourn"]
[EventRounds "9"]
[EventCountry "GER"]
[SourceTitle "EXT 2008"]
[Source "ChessBase"]
[SourceDate "2007.11.25"]
[SourceVersion "1"]
[SourceVersionDate "2007.11.25"]
[SourceQuality "1"]
[WhiteTeam "Garching"]
[BlackTeam "Ingolstadt"]
[WhiteTeamCountry "GER"]
[BlackTeamCountry "GER"]

1. c4 Nf6 2. Nc3 g6 3. g3 Bg7 4. Bg2 0-0 5. Nf3 d6 6. 0-0 c6 7. Rb1 a5 8. a3 e5 9. d3 h6 10. b4 axb4 11. axb4 Be6 12. h3 Nbd7 13. b5 d5 14. cxd5 cxd5 15. d4 e4 16. Ne1 Nb6 17. Kh2 Nc4 18. f3 Qa5 19. Rb3 Rac8 20. fxe4 dxe4 21. Nxe4 Nxe4 22. Bxe4 Nd6 23. Ra3 Qb6 24. Bg2 Bxd4 25. Bxh6 Rfd8 26. Bg5 Rd7 27. Qb1 Qc5 28. Ra4 Nxb5 29. Bd2 Be5 30. Nd3 Rxd3 31. Qxd3 Nd6 32. Rc1 Bc4 33. Qf3 b5 34. Be3 Qc7 35. Ra7 Qb8 36. Ra6 Nf5 37. Bf2 Nh4 38. Qe4 Nxg2 39. Kxg2 Rd8 40. Kh2 Bd5 41. Qb1 Bc4 42. Qe4 Bd5 43. Qe3 Bb7 44. Ra5 Bd4 45. Qb3 Bxf2 46. Rxb5 Re8 47. Rxb7 Bxg3+ 48. Kh1 Qf4 49. e4 0-1

[Event "Landesliga Sued 0405"]
[Site "Bayern"]
[Date "2005.02.13"]
[Round "7.3"]
[White "Schmid, Franz"]
[Black "Eitel, Harald"]
[Result "1/2-1/2"]
[WhiteElo "2133"]
[BlackElo "2169"]
[PlyCount "79"]
[EventDate "2004.10.24"]
[EventType "team-tourn"]
[EventRounds "9"]
[EventCountry "GER"]
[SourceTitle "EXT 2007"]
[Source "ChessBase"]
[SourceDate "2006.11.23"]
[SourceVersion "1"]
[SourceVersionDate "2006.11.23"]
[SourceQuality "1"]
[WhiteTeam "Waldkirchen"]
[BlackTeam "Ingolstadt"]
[WhiteTeamCountry "GER"]
[BlackTeamCountry "GER"]

1. e4 Nf6 2. e5 Nd5 3. d4 d6 4. Nf3 Bg4 5. Be2 e6 6. 0-0 Be7 7. c4 Nb6 8. exd6 cxd6 9. Be3 0-0 10. Nbd2 Nc6 11. a3 f5 12. d5 exd5 13. Bxb6 Qxb6 14. cxd5 Nd4 15. Nc4 Nxe2+ 16. Qxe2 Qd8 17. Qe6+ Kh8 18. Rfe1 Bxf3 19. Qxe7 Bxd5 20. Nxd6 Rf6 21. Nb5 Qg8 22. Nc7 Raf8 23. Nxd5 Qxd5 24. Rad1 Qc6 25. Rd7 Rg8 26. Rxb7 Rg6 27. g3 f4 28. Qe4 Qf6 29. Rxa7 fxg3 30. hxg3 Qb6 31. Qe3 Qxb2 32. Ra8 Rf6 33. Rxg8+ Kxg8 34. Qe8+ Rf8 35. Qe6+ Kh8 36. Qf7 Qxa3 37. Re8 Qc1+ 38. Kh2 Qh6+ 39. Kg1 Qc1+ 40. Kh2 1/2-1/2

[Event "Landesliga Sued 0405"]
[Site "Bayern"]
[Date "2005.01.16"]
[Round "5.4"]
[White "Eitel, Harald"]
[Black "Wagner, Hans2222"]
[Result "1/2-1/2"]
[WhiteElo "2169"]
[BlackElo "2196"]
[PlyCount "54"]
[EventDate "2004.10.24"]
[EventType "team-tourn"]
[EventRounds "9"]
[EventCountry "GER"]
[SourceTitle "EXT 2007"]
[Source "ChessBase"]
[SourceDate "2006.11.23"]
[SourceVersion "1"]
[SourceVersionDate "2006.11.23"]
[SourceQuality "1"]
[WhiteTeam "Ingolstadt"]
[BlackTeam "Pfarrkirchen SC"]
[WhiteTeamCountry "GER"]
[BlackTeamCountry "GER"]

1. d4 Nf6 2. Nf3 d6 3. Bf4 Bg4 4. h3 Bxf3 5. exf3 g6 6. Bc4 Bg7 7. 0-0 0-0 8. Nc3 a6 9. Re1 e6 10. Qd2 d5 11. Bb3 Nbd7 12. Ne2 Ne8 13. Bg5 Bf6 14. Bh6 Bg7 15. Bg5 Bf6 16. Bh6 Bg7 17. Ng3 Bxh6 18. Qxh6 Qf6 19. c3 Nd6 20. Bc2 Rfc8 21. h4 Qg7 22. Qf4 Qf6 23. Qh6 Qg7 24. Qf4 Qf6 25. Qg4 Kh8 26. h5 g5 27. Rad1 h6 1/2-1/2

[Event "Landesliga Sued 0405"]
[Site "Bayern"]
[Date "2004.11.28"]
[Round "3.4"]
[White "Ottmann, Martin"]
[Black "Eitel, Harald"]
[Result "1/2-1/2"]
[WhiteElo "2082"]
[BlackElo "2169"]
[PlyCount "92"]
[EventDate "2004.10.24"]
[EventType "team-tourn"]
[EventRounds "9"]
[EventCountry "GER"]
[SourceTitle "EXT 2007"]
[Source "ChessBase"]
[SourceDate "2006.11.23"]
[SourceVersion "1"]
[SourceVersionDate "2006.11.23"]
[SourceQuality "1"]
[WhiteTeam "Freising"]
[BlackTeam "Ingolstadt"]
[WhiteTeamCountry "GER"]
[BlackTeamCountry "GER"]

1. d4 Nf6 2. Nf3 g6 3. Bg5 Bg7 4. Nbd2 d5 5. e3 0-0 6. Bd3 c5 7. c3 b6 8. Qe2 Bb7 9. e4 cxd4 10. Nxd4 e5 11. N4f3 Nbd7 12. exd5 Bxd5 13. Ne4 Qc7 14. 0-0 Nxe4 15. Bxe4 Bxe4 16. Qxe4 Nc5 17. Qc4 b5 18. Qxb5 e4 19. Nd2 Rab8 20. Qc4 Rxb2 21. Rab1 Rfb8 22. Nb3 Rxb1 23. Rxb1 Be5 24. h3 Ne6 25. Qxc7 Nxc7 26. c4 Ne6 27. Be3 a5 28. Kf1 f5 29. g3 Kf7 30. Ke2 g5 31. Nd2 Rxb1 32. Nxb1 f4 33. gxf4 gxf4 34. Bb6 Nd4+ 35. Bxd4 Bxd4 36. Nd2 e3 37. Nb3 Bb6 38. c5 Ba7 39. fxe3 fxe3 40. Nxa5 Bxc5 41. Nb3 Bb6 42. Na1 Kg6 43. Nc2 Kg5 44. Nxe3 Kh4 45. Nd5 Ba7 46. Nf6 Kxh3 1/2-1/2

[Event "Landesliga Sued 0304"]
[Site "Bayern"]
[Date "2004.03.28"]
[Round "8.3"]
[White "Kunze, Holger"]
[Black "Eitel, Harald"]
[Result "1-0"]
[WhiteElo "2258"]
[BlackElo "2211"]
[PlyCount "51"]
[EventDate "2003.10.12"]
[EventType "team-tourn"]
[EventRounds "9"]
[EventCountry "GER"]
[SourceTitle "EXT 2006"]
[Source "ChessBase"]
[SourceDate "2005.11.24"]
[SourceVersion "1"]
[SourceVersionDate "2005.11.24"]
[SourceQuality "1"]
[WhiteTeam "Muenchen 36"]
[BlackTeam "Ingolstadt"]
[WhiteTeamCountry "GER"]
[BlackTeamCountry "GER"]

1. g3 g6 2. Bg2 Bg7 3. c4 e5 4. Nc3 d6 5. d3 Ne7 6. e4 0-0 7. Nge2 Nbc6 8. 0-0 Nd4 9. Nxd4 exd4 10. Ne2 c6 11. b3 Rb8 12. Bb2 c5 13. a4 a6 14. b4 b6 15. b5 a5 16. Ra2 f5 17. Bc1 h6 18. exf5 Bxf5 19. Nf4 Qd7 20. Re1 Be5 21. Nd5 Nxd5 22. Bxd5+ Kh7 23. Rae2 Bg4 24. f3 Rxf3 25. Rxe5 Re3 26. R5xe3 1-0

[Event "Landesliga Sued 0304"]
[Site "Bayern"]
[Date "2003.11.02"]
[Round "2.3"]
[White "Eitel, Harald"]
[Black "Klundt, Klaus"]
[Result "0-1"]
[WhiteElo "2211"]
[BlackElo "2286"]
[PlyCount "62"]
[EventDate "2003.10.12"]
[EventType "team-tourn"]
[EventRounds "9"]
[EventCountry "GER"]
[SourceTitle "EXT 2006"]
[Source "ChessBase"]
[SourceDate "2005.11.24"]
[SourceVersion "1"]
[SourceVersionDate "2005.11.24"]
[SourceQuality "1"]
[WhiteTeam "Ingolstadt"]
[BlackTeam "Tegernsee II"]
[WhiteTeamCountry "GER"]
[BlackTeamCountry "GER"]

1. d4 d5 2. Nf3 Nf6 3. g3 Bg4 4. Ne5 Bh5 5. Bg2 e6 6. c4 c6 7. Nc3 Nbd7 8. Bf4 Be7 9. Qb3 Qb6 10. Nxd7 Nxd7 11. e4 dxe4 12. Nxe4 0-0 13. 0-0 Rfd8 14. Qc3 Nf6 15. c5 Qa6 16. Be5 Nxe4 17. Bxe4 Bg6 18. Bg2 Qd3 19. Qa5 Rd7 20. Rfd1 Qf5 21. h3 h5 22. Qe1 Rad8 23. Qe2 f6 24. g4 hxg4 25. hxg4 Qc2 26. Rd2 Qa4 27. Bg3 e5 28. b3 Qa5 29. Rad1 Bxc5 30. Qc4+ Bf7 31. d5 Bd4 0-1